000 00310nam a2200133Ia 4500
008 241014s9999||||xx |||||||||||||| ||und||
020 _a0-19-551552-8
100 _aBaum,Fran
245 4 _aThe New Public Health
250 _a2
260 _bOxford University Press
_c2002
300 _a504
942 _bION
_cBK
999 _c18156
_d18156